| 000 | 01090nac a22002891u 4500 | ||
|---|---|---|---|
| 003 | EG-ScBUE | ||
| 005 | 20211201131657.0 | ||
| 008 | 120826s1973 ua f b 000 0 ara d | ||
| 017 | _a1973 / 4179 | ||
| 040 |
_aEG-ScBUE _bara _erda _cEG-ScBUE _dEG-ScBUE |
||
| 082 | 0 | 4 |
_a892.73009 _bذ هـ ن _222 |
| 100 | 1 |
_aذهني، محمود، _eمؤلف. _930873 |
|
| 245 | 1 | 2 |
_aالقصة في الأدب العربي القديم / _cتأليف دكتور محمود ذهني. |
| 250 | _aالطبعة الأولى. | ||
| 264 | 1 |
_aالقاهرة : _bمكتبة الأنجلو المصرية، _c1973. |
|
| 300 |
_a358 صفحة ؛ _c24 سم |
||
| 336 |
_2rdacontent _aنص _btxt |
||
| 337 |
_2rdamedia _aبدون وسيط _bn |
||
| 338 |
_2rdacarrier _aمجلد _bnc |
||
| 504 | _aيشتمل على إرجاعات ببليوجرافية. | ||
| 650 | 7 |
_aالقصة العربية _xتاريخ ونقد. _2BUEsh |
|
| 650 | 7 |
_aالأدب العربي _xتاريخ ونقد. _2BUEsh _941806 |
|
| 651 | _2BUEsh | ||
| 653 |
_bARALIT _cDecember2021 |
||
| 655 |
_vReading book _934232 |
||
| 942 |
_cBB _2ddc |
||
| 999 |
_c7702 _d7702 |
||